| 000 | 00892nam a2200241 a 4500 | ||
|---|---|---|---|
| 001 | 48110 | ||
| 003 | BD-RjUL | ||
| 005 | 20211209054448.0 | ||
| 008 | 160811s1998 bg ||||| |||| 00| 0 ben d | ||
| 020 |
_a8171020860 _cTK.150.00 |
||
| 035 | _a(BD-RjUL) 48229 | ||
| 040 |
_aBD-RjUL _bben _cBD-RjUL |
||
| 041 | _aben | ||
| 082 |
_223 _a782.42 _bGAL 1998 |
||
| 100 |
_aগঙ্গোপাধ্যায়, সুবোধ _9145815 |
||
| 245 |
_aলোক সঙ্গীত বিভাকর / _cসুবোধ গঙ্গোপাধ্যায় |
||
| 260 |
_aকলিকাতা : _bফার্মা কে -এল-এম প্রাইভেট লিমিটেড, _c১৯৯৮ |
||
| 300 |
_aখন্ড ; _c২২ সেমি. |
||
| 505 | _aখন্ড .১ম -- | ||
| 650 |
_aলোকসঙ্গীত _9145816 |
||
| 650 |
_afolk song _9145817 |
||
| 942 |
_2ddc _cBK |
||
| 999 |
_c48110 _d48110 |
||